000 00400nam a22001697a 4500
003 CEME
005 20210628203043.0
008 210201b xxu||||| |||| 00| 0 eng d
020 _a280822
040 _c.
082 _a641.1 MAS
100 _aMasood Ahmed
_963050
245 _aQadrati ghazion ka encyclopedia
260 _aLAHORE
_bILAM-O-PUBLISHERS
_c2007
300 _a688P
942 _cBK
_2ddc
999 _c571992
_d571992